ბათუმის შოთა რუსთაველის სახელმწიფო უნივერსიტეტის ბიბლიოთეკა

Качественная оценка сельско-хозяйственных земель (ბიბ.ჩანაწერი № 46046)

000 -LEADER
fixed length control field 00674nam a2200217Ia 4500
001 - CONTROL NUMBER
control field 12876
003 - CONTROL NUMBER IDENTIFIER
control field GE_BSU
008 - FIXED-LENGTH DATA ELEMENTS--GENERAL INFORMATION
fixed length control field 181216s||||||||xx |||||||||||||| ||und||
040 ## - CATALOGING SOURCE
Transcribing agency GE_BSU
080 ## - UNIVERSAL DECIMAL CLASSIFICATION NUMBER
Universal Decimal Classification number 631.4
100 ## - MAIN ENTRY--PERSONAL NAME
Personal name Семенов,В.В.
245 ## - TITLE STATEMENT
Title Качественная оценка сельско-хозяйственных земель
245 ## - TITLE STATEMENT
Statement of responsibility, etc. Ред.В.А.Алексеева
260 ## - PUBLICATION, DISTRIBUTION, ETC.
Place of publication, distribution, etc. Ленинград
260 ## - PUBLICATION, DISTRIBUTION, ETC.
Name of publisher, distributor, etc. Колос
260 ## - PUBLICATION, DISTRIBUTION, ETC.
Date of publication, distribution, etc. 1970
300 ## - PHYSICAL DESCRIPTION
Extent 160стр.20см.
300 ## - PHYSICAL DESCRIPTION
Dimensions Библиогр.с.157-159
653 ## - INDEX TERM--UNCONTROLLED
Uncontrolled term Качественная оценка сельско-хозяйственных земель
942 ## - ADDED ENTRY ELEMENTS (KOHA)
Koha item type წიგნი
ეგზემპლარები
Withdrawn status Lost status Damaged status Not for loan Date acquired Barcode Date last seen Price effective from Koha item type
        2018-12-17 20921 2018-12-17 2018-12-17 წიგნი